| 000 | 01383nam a22003857a 4500 | ||
|---|---|---|---|
| 001 | 0073233 | ||
| 003 | KOHA_MİRAKIL | ||
| 005 | 20260207005130.0 | ||
| 007 | ta | ||
| 008 | 250224b2001 tu |||gr||||#0|||1|tur | | ||
| 020 | _a9754373523 | ||
| 040 |
_aTR-BiSEU _btur _cTR-BiSEU _erda |
||
| 041 | 0 | _atur | |
| 044 | _ctu | ||
| 050 |
_aPG1419.29 _b.S45 2001 |
||
| 100 | 1 | _aSelimoviç, Meşa. | |
| 245 | 1 |
_aKale/ _cMeşa Selimoviç ; Meşa Selimoviç; Türkçesi Suat Eygüllü. |
|
| 264 | 1 |
_aİstanbul : _bÖtüken Yayınevi _c2001 |
|
| 300 | _a517 sayfa; 20 cm. | ||
| 336 |
_ametin _btxt _2rdacontent |
||
| 337 |
_aaracısız _bn _2rdamedia |
||
| 338 |
_acilt _bnc _2rdacarrier |
||
| 490 | 1 |
_aYayın nu ; _v479. |
|
| 490 | 1 |
_aEdebi Eserler ; _v226 |
|
| 650 | 0 |
_aBoşnak Edebiyatı--Roman. _9147153 |
|
| 650 | 0 |
_a1. Abdülhamit dönemi bir boşnak ailesi. _9147154 |
|
| 650 | 0 |
_aSavaşın unutulmaz korkunç sahneleri. _9147155 |
|
| 650 | 0 |
_aSavaştan bile kötü barış zamanı. _9147156 |
|
| 650 | 0 |
_aHayatta kalma umudu, çabası. _9147157 |
|
| 650 | 0 |
_aBosnian Literature--Novel.A Bosnian family during the reign of Abdulhamid I.Unforgettable and horrific scenes of war.A time of peace worse than war.Hope and effort to survive. _9147158 |
|
| 830 | 1 |
_aYayın nu ; _v479. _99059 |
|
| 830 | 1 |
_aEdebi Eserler ; _v226 _915677 |
|
| 907 | _aRoman | ||
| 942 |
_2lcc _cBK |
||
| 999 |
_c73988 _d73988 |
||